| 000 | 00474nam a2200169 a 4500 | ||
|---|---|---|---|
| 001 | 1922 | ||
| 005 | 20140414131928.0 | ||
| 008 | 030116s19uu xx 00 eng d | ||
| 020 | _a0-88705-917-1 | ||
| 050 |
_aER _bT92 1995 |
||
| 245 |
_aTwinkle twinkle little star / _cillustrated by Wendy Straw. |
||
| 260 |
_aWestport, CT : _bWishing Well Books & Design, _c1995. |
||
| 300 | _a1 v. : ill. ; cm. | ||
| 440 | _aA Lullaby Book | ||
| 650 | _aLullabies. | ||
| 999 |
_c112127 _d112127 |
||